000 01840nam a2200265Ia 4500
003 OSt
005 20210917142642.0
008 130821s1993 ck gr spa
020 _a958616196X
040 _aCo-BoUCM
_bspa
_cCO-JMCR
041 0 _aspa
082 0 4 _a338.9861 /
_bA696a
_223
100 1 _aArias Jiménez, Enrique,
_eautor
_940625
245 1 0 _aAlternativas de privatización para el sector público Colombiano /
_cEnrique Arias Jiménez, Enrique Peñaloza Londoño, Juan Gabriel Uribe Vegalara, [y otros 7]
260 _aBogotá (Colombia) :
_bUniversidad Externado de Colombia,
_c1993.
300 _a182 páginas ;
_c25 cm.
505 0 _tPrivatización en américa latina. /
_rEnrique Arias Jiménez. --
_tEficiencia, distribución del ingreso y privatización. /
_rEnrique Peñalosa Londoño. --
_tPrivatización y planeación. /
_rJuan Gabriel Uribe Vegalara. --
_tPrivatización en la constitución de 1991. /
_rAlexandra Baquero Neira. --
_tEstrategias de estado para adelantar un proceso privatizador. /
_rBeatriz Helena Arbeláez Martínez. --
_tEstado y sector privado participan conjuntamente en la prestación de servicios públicos. /
_rJuan Camilo Restrepo Salazar. --
_tLa privatización de bancos en Colombia. /
_rSantiago Madriñán de la Torre. --
_tLa privatización y el nuevo esquema ferroviario. /
_rYesid Arocha Alarcón. --
_tPrivatización, apertura y descentralización. /
_rJorge Gómez Ricardo. --
_tPosición de anif sobre la reforma al sistema pensional. /
_rJavier Fernández Riva. --
650 1 4 _aApertura económica
_zColombia
_99239
650 2 4 _aEconomía
_9174
650 2 4 _aEstado
_97594
650 2 4 _aPrivatización
_zAmérica Latina
_922302
700 1 _aPeñaloza Londoño, Enrique,
_eautor
_940626
700 1 _aUribe Vegalara, Juan Gabriel,
_eautor
_940627
942 _cBK
_2ddc
999 _c12496
_d12496